Random Knowledge Quiz - Statistics

General Stats
  • This quiz has been taken 12 times
  • The average score is 5 of 15
Answer Stats
Hint Answer % Correct
A time-frame of two weeks Fortnight
100%
Metal cap used to protect thumb when sewing Thimble
64%
The USA, Myanmar, and Liberia use this system of measurement Imperial
55%
The name for a hurricane in the Indian Ocean Cyclone
45%
Racecar, Hannah, Civic, and Redivider are Palindromes
36%
The Earth's adopted zero of longitude Prime Meridian
36%
Unglazed reddish-brown pottery made from clay Terracotta
36%
A line drawn inside a circle that doesn't go through the center point Chord
27%
A type of cloud who's name is "lock of hair" in Latin Cirrus
27%
The lowest possible ocean tide Neap Tide
27%
Latin phrase used by crusaders Deus Vult
9%
Civil War bullet developed by a French inventor Minie Ball
9%
Tallest mountain east of the Mississippi in the United States Mt. Mitchell
9%
A type of swing dancing popular in the Carolinas Shag
9%
The extravagant fabric surrounding a coat of arms Mantle
0%
No matching quizzes found
Score Distribution
Percent of People with Each Score
Percentile by Number Answered
Your Score History
You have not taken this quiz